[Event "Krefeld op"]
[Site "Krefeld"]
[Date "2023.08.06"]
[Round "8"]
[White "Marks, Stefan"]
[Black "Esser, Daniel"]
[Result "1/2-1/2"]
[WhiteElo "1202"]
[BlackElo "1364"]
[PlyCount "78"]
[EventDate "2023.08.02"]
[EventType "swiss"]
[EventRounds "9"]
[EventCountry "GER"]
[SourceTitle "CBM 215 Extra"]
[Source "ChessBase"]
[SourceDate "2023.09.30"]
[SourceVersion "1"]
[SourceVersionDate "2023.09.30"]
[SourceQuality "1"]

1. e4 e6 2. c4 d5 3. exd5 exd5 4. Nc3 Nf6 5. d4 Be6 6. c5 Nc6 7. Bf4 Qe7 8. Nf3 Bg4+ 9. Be2 Bxf3 10. gxf3 b6 11. cxb6 cxb6 12. 0-0 Nh5 13. Bg3 Nxg3 14. fxg3 a6 15. Re1 Qe3+ 16. Kh1 Qf2 17. Bb5+ Kd7 18. Bxc6+ Kxc6 19. Qe2 Qxe2 20. Rxe2 Bb4 21. a3 Bxc3 22. bxc3 Rhe8 23. Rae1 Rxe2 24. Rxe2 Kd6 25. f4 Rc8 26. Re3 f6 27. f5 Rc7 28. Re6+ Kd7 29. Rxb6 Rxc3 30. Rxa6 Rc4 31. Ra7+ Ke8 32. a4 Rxd4 33. a5 Ra4 34. Kg2 Kd8 35. Rxg7 Rxa5 36. Rxh7 d4 37. Kf2 Rxf5+ 38. Ke2 Rd5 39. Kd3 Ke8 1/2-1/2

[Event "Krefeld op"]
[Site "Krefeld"]
[Date "2023.08.03"]
[Round "2"]
[White "Freese, Carsten"]
[Black "Marks, Stefan"]
[Result "1-0"]
[WhiteElo "1716"]
[BlackElo "1202"]
[PlyCount "77"]
[EventDate "2023.08.02"]
[EventType "swiss"]
[EventRounds "9"]
[EventCountry "GER"]
[SourceTitle "CBM 215 Extra"]
[Source "ChessBase"]
[SourceDate "2023.09.30"]
[SourceVersion "1"]
[SourceVersionDate "2023.09.30"]
[SourceQuality "1"]

1. d4 Nf6 2. c3 e6 3. Nf3 d5 4. Bg5 Be7 5. e3 0-0 6. Bd3 Nbd7 7. Nbd2 b6 8. Ne5 Bb7 9. Ndf3 Rc8 10. Qe2 c5 11. 0-0 c4 12. Bc2 Ne4 13. Bxe7 Qxe7 14. Nxd7 Qxd7 15. Ne5 Qd8 16. f3 Nd6 17. Ng4 Qc7 18. Rae1 Rce8 19. e4 Nc8 20. e5 Ne7 21. h4 h5 22. Ne3 f6 23. f4 f5 24. Qxh5 g6 25. Qg5 Kg7 26. Rf3 Rh8 27. Qf6+ Kg8 28. Qxe6+ Kf8 29. Qf6+ Kg8 30. e6 Rf8 31. Qg5 Rh5 32. Qg3 Kg7 33. Qf2 Bc8 34. g3 Rfh8 35. Ng2 Kf6 36. Qe2 Qd6 37. Qe5+ Qxe5 38. Rxe5 Bxe6 39. Rfe3 1-0

[Event "Rheinhausen-ch op 18th"]
[Site "Rheinhausen"]
[Date "2014.01.10"]
[Round "1"]
[White "Rivinius, Otto"]
[Black "Marks, Stefan"]
[Result "1-0"]
[WhiteElo "1785"]
[BlackElo "1309"]
[PlyCount "65"]
[EventDate "2014.01.10"]
[EventType "swiss"]
[EventRounds "7"]
[EventCountry "GER"]
[SourceTitle "EXT 2017"]
[Source "ChessBase"]
[SourceDate "2016.10.25"]
[SourceVersion "1"]
[SourceVersionDate "2016.10.25"]
[SourceQuality "1"]

1. c4 Nf6 2. d4 e6 3. Nc3 Bb4 4. f3 d5 5. Bg5 Nbd7 6. Qb3 Bxc3+ 7. bxc3 dxc4 8. Qxc4 e5 9. e4 0-0 10. Qb3 b6 11. Bc4 Bb7 12. Ne2 Rc8 13. Rd1 Qe8 14. 0-0 c5 15. d5 h6 16. Bh4 a6 17. a4 Rb8 18. Qc2 Bc8 19. Qd3 a5 20. Bb5 g5 21. Be1 Nh5 22. h4 Qe7 23. hxg5 Qxg5 24. Bd2 Nf4 25. Bxf4 exf4 26. Qd2 Nf6 27. Qxf4 Qxf4 28. Nxf4 Kh8 29. Kf2 Rg8 30. Rh1 Kh7 31. Rh4 Bd7 32. Bxd7 Nxd7 33. Rdh1 1-0

[Event "Rheinhausen-ch"]
[Site "Rheinhausen"]
[Date "2011.02.25"]
[Round "5"]
[White "Eickholt, Marc"]
[Black "Marks, Stefan"]
[Result "0-1"]
[WhiteElo "1413"]
[BlackElo "1187"]
[PlyCount "60"]
[EventDate "2011.01.07"]
[EventType "swiss"]
[EventRounds "7"]
[EventCountry "GER"]
[SourceTitle "EXT 2015"]
[Source "ChessBase"]
[SourceDate "2014.11.20"]
[SourceVersion "1"]
[SourceVersionDate "2014.11.20"]
[SourceQuality "1"]

1. d4 Nf6 2. Nf3 d5 3. c4 e6 4. Bg5 Bb4+ 5. Nc3 0-0 6. Qc2 h6 7. Bxf6 Qxf6 8. e3 Nd7 9. cxd5 exd5 10. a3 Bxc3+ 11. Qxc3 c5 12. Be2 cxd4 13. Nxd4 Ne5 14. 0-0 Bf5 15. Nxf5 Qxf5 16. Rac1 Rac8 17. Qb3 Qd7 18. Rfd1 Rxc1 19. Rxc1 Rd8 20. h3 b6 21. Bb5 Qe6 22. Qa4 a5 23. Qh4 g5 24. Qg3 Ng6 25. Rc6 Qf5 26. Kh2 d4 27. a4 d3 28. Bxd3 Rxd3 29. Qb8+ Kg7 30. Qxb6 Rd2 0-1